Unikaj Azji - flagi - Statystyki

Ogólne statystyki
  • Ten quiz został rozwiązany 10 784 razy
  • Średni wynik to 7 z 20
Answers on the Grid
Answers color-coded by a green-red scale on the quiz's grid according to % correct below.
d7accc64ab-pl.webp
e5093da0f0-pl.webp
8e21167c8f-pl.webp
ea24fe4628-pl.webp
65d56cc251-pl.webp
4de0bdb6c8-pl.webp
5229532d91-pl.webp
4b45190562-pl.webp
a2f7234aa4-pl.webp
268e413a8f-pl.webp
22d8c29fed-pl.webp
738c583814-450.webp
9ff792edf1-pl.webp
256905a7b3-pl.webp
ba87d0fb56-pl.webp
e813eb33d9-pl.webp
70020f3bb2-pl.webp
6e22f79fae-pl.webp
aac0cabfc3-pl.webp
ead8beec45-235.webp
758cea923c-450.webp
0bbddabb8c-pl.webp
f8d932469e-pl.webp
fbbcf0a6ed-pl.webp
6f03c2d84f-pl.webp
93e273cdbc-pl.webp
7efedcc3aa-pl.webp
c6aaf5a4e0-pl.webp
7093be2839-pl.webp
c24876c1da-pl.webp
0094294cba-235.webp
e746658e04-pl.webp
796239814c-pl.webp
8dd4416cc0-pl.webp
59b9979720-pl.webp
7093be2839-235.webp
5a9d9a0e2b-pl.webp
09296c03f5-pl.webp
79ccf2f8c4-pl.webp
d1e892088f-450.webp
81c6e7dcc6-pl.webp
33d8a59413-pl.webp
c99a0ae79f-pl.webp
502a8d010d-pl.webp
4e242afaed-235.webp
238e9361f2-pl.webp
779f16e403-pl.webp
8b71d13bb2-pl.webp
 
Statystyki odpowiedzi
Odpowiedź % Poprawnych
Niemcy e5093da0f0-pl.webp
97%
Dania d7accc64ab-pl.webp
95%
Szwecja 5229532d91-pl.webp
87%
Brazylia 4de0bdb6c8-pl.webp
86%
Meksyk 4b45190562-pl.webp
82%
Grecja 738c583814-450.webp
41%
Republika Południowej Afryki ba87d0fb56-pl.webp
25%
Barbados e813eb33d9-pl.webp
25%
Portugalia aac0cabfc3-pl.webp
24%
Estonia f8d932469e-pl.webp
23%
Wenezuela 0bbddabb8c-pl.webp
21%
Argentyna 93e273cdbc-pl.webp
21%
San Marino c24876c1da-pl.webp
21%
Mikronezja 0094294cba-235.webp
16%
Botswana 59b9979720-pl.webp
16%
Serbia 779f16e403-pl.webp
15%
Algieria 79ccf2f8c4-pl.webp
15%
Liechtenstein c99a0ae79f-pl.webp
14%
Angola 238e9361f2-pl.webp
13%
Sierra Leone 4e242afaed-235.webp
12%
Nie znaleziono quizów pasujących do podanych kryteriów
Rozkład punktacji
Procent ludzi z każdym wynikiem
Percentyl według liczby udzielonych odpowiedzi
Twoja historia wyników
Nie rozwiązałeś tego quizu